00843nam a22002297a 4500003000500000005001700005008004100022010001100063011001100074035001100085040000900096082002200105110012000127245015100247250001000398260010000408300001000508650002600518650002300544650003200567650001400599CHAP20220329143701.0110119s1982 mx r 00010 spa d a100283 a101255 a111942 cCHAP00a025.33bUn38 19822 aUniversidad Nacional Autónoma de México. Facultad de Ciencias Políticas y Sociales, Centro de Documentación10aTesauro temáticoc/por UNAM. Facultad de Ciencias Políticas y Sociales, Universidad Nacional Autónoma de México, Centro de Documentación a4 ed. aMéxico :bUNAM. Facultad de Ciencias Políticas y Sociales, Centro de Documentación,c1982 a81 p.14aCiencias políticas.14aCiencias sociales.14aEncabezamientos de materia.14aTesauros.